Zawal di Ghari / (Record no. 525906)

000 -LEADER
fixed length control field 00481nam a22001817a 4500
003 - CONTROL NUMBER IDENTIFIER
control field NUST
020 ## - INTERNATIONAL STANDARD BOOK NUMBER
Qualifying information HB/K
038 ## - RECORD CONTENT LICENSOR
Staff Name Faiza
082 ## - DEWEY DECIMAL CLASSIFICATION NUMBER
Classification number 891.421
Author Mark ZAM
100 ## - MAIN ENTRY--PERSONAL NAME
Personal name Zamaan, Fakhar
9 (RLIN) 14913
245 ## - TITLE STATEMENT
Title Zawal di Ghari /
Statement of responsibility, etc. Fakhar Zamaan
260 ## - PUBLICATION, DISTRIBUTION, ETC.
Place of publication, distribution, etc. Lahore :
Name of publisher, distributor, etc. Classic,
Date of publication, distribution, etc. 2000.
300 ## - PHYSICAL DESCRIPTION
Extent 157 p. ;
880 ## - ALTERNATE GRAPHIC REPRESENTATION
Linkage 100-01\r
Title فخر زمان
880 ## - ALTERNATE GRAPHIC REPRESENTATION
Linkage 245-02\r
Title زوال دی گھڑی /
880 ## - ALTERNATE GRAPHIC REPRESENTATION
Linkage 260-03\r
Title لاہور :
b کلاسیک,
c ۲۰۰۰.
942 ## - ADDED ENTRY ELEMENTS (KOHA)
Source of classification or shelving scheme
Koha item type Book
Holdings
Withdrawn status Lost status Source of classification or shelving scheme Damaged status Not for loan Permanent Location Current Location Date acquired Total Checkouts Full call number Barcode Date last seen Price effective from Koha item type
          Central Library (CL) Central Library (CL) 07/05/2019   891.421 ZAM CL-E-924 07/05/2019 07/05/2019 Book
© 2023 Central Library, National University of Sciences and Technology. All Rights Reserved.